TIGERS

Bibliographic Details
Main Author: Taylor-Butler, Christine (Author)
Format: Book
Language:English
Published: New York : Philomel Books 2022
Series:Save the... (Philomel Books)
Subjects:

MARC

LEADER 00000cam a2200000 7i4500
001 0000148944
005 20230620.0
008 230620s2022 nyua x k eng
020 |a 9780593404218 
040 |a PERPUSTAM   |b eng   |c PERPUSTAM   |e rda 
041 |a eng 
090 0 0 |a J 599.756   |b TAY 
100 1 |a Taylor-Butler, Christine ,   |e author 
245 1 0 |a TIGERS   |c Christine Taylor-Butler ; with an introduction by Chelsea Clinton. 
264 1 |a New York :   |b Philomel Books   |c 2022 
300 |a 91 pages :   |b illustrations ;   |c 21 cm. 
336 |a text  |2 rdacontent 
337 |a unmediated  |2 rdamedia 
338 |a volume  |2 rdacarrier 
490 1 |a Save the... (Philomel Books) 
500 |a Includes bibliographical references. 
650 1 0 |a Tiger   |x Juvenile literature 
650 2 0 |a Wildlife conservation   |x Juvenile literature 
830 0 |a Save the... (Philomel Books) 
999 |a 0000763441   |b Buku   |c Koleksi Pinjaman Kanak-Kanak   |e Perbadanan Perpustakaan Awam Melaka 
999 |a 0000763442   |b Buku   |c Koleksi Pinjaman Kanak-Kanak   |e Perbadanan Perpustakaan Awam Melaka 
999 |a 0000763443   |b Buku   |c Koleksi Pinjaman Kanak-Kanak   |e Perpustakaan Cawangan Jasin 
999 |a 0000763444   |b Buku   |c Koleksi Pinjaman Kanak-Kanak   |e Perpustakaan Cawangan Masjid Tanah 
999 |a 0000763445   |b Buku   |c Koleksi Pinjaman Kanak-Kanak   |e Perpustakaan Cawangan Merlimau